000 00739nam a22002531c 4500
001 a987675340
008 160115s2013 gw a||| 000u rus d
020 _a9785444801215
_9978-5-4448-0121-5
041 _arus
245 0 0 _aGorodskie dviženija Rossii v 2009-2012 godach :
_bna puti k političeskomu
264 _aMoskva :
_bNovoe literaturnoe obozrenie,
_c2013
300 _a544 S., Ill.
650 0 _aSoziologie
650 0 _aPolitische Bewegung
650 0 _aZivilgesellschaft
650 0 _aProtestbewegung
650 0 _aPolitischer Protest
651 0 _aRussland
655 0 _aAufsatzsammlung
700 1 _aClément, Carine = Kleman, Karin
_eHerausgeberIn
942 _cMG
040 _cRU-10907106
003 RU-10907106
999 _c33332
_d33332